[Event "45th Rilton Cup 2015-16"]
[Site "Stockholm SWE"]
[Date "2015.12.27"]
[Round "1.1"]
[White "Hammer, Jon Ludvig"]
[Black "Schekachikhin, Maksim"]
[Result "1-0"]
[WhiteTitle "GM"]
[BlackTitle "FM"]
[WhiteElo "2695"]
[BlackElo "2321"]
[WhiteFideId "1503707"]
[BlackFideId "24177830"]
[EventDate "2015.12.27"]

1. d4 Nf6 2. c4 e6 3. Nf3 b6 4. g3 Ba6 5. b3 Bb4+ 6. Bd2 Be7 7. Nc3 d5 8. cxd5
exd5 9. Bg2 O-O 10. O-O Nbd7 11. Bc1 Re8 12. Bb2 Bb4 13. Re1 Ne4 14. Rc1 Ndf6
15. h3 Rc8 16. a3 Nxc3 17. Bxc3 Bd6 18. b4 Ne4 19. Bb2 Qf6 20. e3 Bc4 21. Qc2
Bb5 22. Ne5 Qe6 23. a4 Ba6 24. b5 Bb7 25. a5 bxa5 26. Qa4 Bb4 27. Re2 a6 28.
bxa6 Qxa6 29. Rec2 Bd6 30. Ba3 f6 31. Bf1 Qa8 32. Bxd6 cxd6 33. Qd7 Rxc2 34.
Rxc2 Qd8 35. Qxb7 dxe5 36. Rc7 Nd6 37. Qa7 Kf8 38. Rxg7 Re7 39. Rxe7 Qxe7 40.
Qa8+ Kg7 41. Qxd5 exd4 42. Qxd4 Nf7 43. Bd3 Ne5 44. Qe4 f5 45. Qd4 Kf7 46. Be2
Qc7 47. f4 Nd7 48. Qd5+ Kf6 49. Bc4 Nb6 50. Qe6+ Kg7 51. Qg8+ Kf6 52. Qg5# 1-0

[Event "45th Rilton Cup 2015-16"]
[Site "Stockholm SWE"]
[Date "2015.12.27"]
[Round "1.3"]
[White "Alekseev, Evgeny"]
[Black "Kolbus, Dietmar"]
[Result "1-0"]
[WhiteTitle "GM"]
[BlackTitle "IM"]
[WhiteElo "2642"]
[BlackElo "2315"]
[WhiteFideId "4138147"]
[BlackFideId "4610628"]
[EventDate "2015.12.27"]

1. e4 e5 2. Nf3 Nf6 3. Nxe5 d6 4. Nf3 Nxe4 5. d4 d5 6. Bd3 Be7 7. O-O Nd6 8. Nc3
c6 9. Bf4 Bg4 10. h3 Bh5 11. Re1 Bg6 12. Bxg6 hxg6 13. Qe2 Kf8 14. Qd3 Na6 15.
Re2 Nb4 16. Qd2 Nc4 17. Qc1 Bd6 18. b3 Bxf4 19. Qxf4 Nd6 20. Rae1 Qf6 21. Qg4
Rd8 22. a3 Na6 23. Re5 Nc7 24. Ng5 Nf5 25. g3 Ne8 26. Nce4 dxe4 27. Nxe4 Qe7 28.
Rxe7 Nxe7 29. c3 Rh5 30. h4 Rf5 31. Qe2 Nc8 32. Kg2 Nf6 33. Nxf6 gxf6 34. c4 Kg7
35. Qd2 Rh5 36. Qf4 Nd6 37. Re7 Rf5 38. Qe3 Rh5 39. Qe1 b5 40. Rxa7 bxc4 41.
bxc4 Nxc4 42. Qe7 Rf8 43. Qb4 Nxa3 44. Rxa3 Rb5 45. Qd6 Rd5 46. Qxc6 Rxd4 47.
Ra6 Kg8 48. Qxf6 Rd5 49. g4 Rb5 50. Ra7 Rd5 51. h5 gxh5 52. g5 h4 53. g6 1-0

[Event "45th Rilton Cup 2015-16"]
[Site "Stockholm SWE"]
[Date "2015.12.27"]
[Round "1.4"]
[White "Mikalsen, Erlend"]
[Black "Krasenkow, Michal"]
[Result "0-1"]
[WhiteTitle "FM"]
[BlackTitle "GM"]
[WhiteElo "2313"]
[BlackElo "2610"]
[WhiteFideId "1507338"]
[BlackFideId "1113100"]
[EventDate "2015.12.27"]

1. e4 e5 2. Nf3 Nc6 3. Bb5 a6 4. Ba4 d6 5. Bxc6+ bxc6 6. d4 f6 7. O-O Be6 8. Re1
Ne7 9. Nbd2 Ng6 10. c4 Be7 11. d5 Bd7 12. b4 O-O 13. Nb3 cxd5 14. Qxd5+ Rf7 15.
Na5 Qe8 16. c5 c6 17. Qc4 dxc5 18. bxc5 Bd8 19. Qa4 Bxa5 20. Qxa5 Be6 21. Be3
Rb7 22. Nd2 Rb5 23. Qc3 a5 24. Red1 Qf7 25. a3 a4 26. Nf1 Rb3 27. Qc2 Qb7 28.
Rd6 Nf8 29. Bd2 Bf7 30. Bb4 Ne6 31. Qd1 Nd4 32. Rxd4 exd4 33. Qxd4 Qb5 34. Rd1
Qc4 35. Qd6 Qxe4 36. Nd2 Qc2 37. Nxb3 axb3 38. Re1 b2 39. Qxc6 Rf8 0-1

[Event "45th Rilton Cup 2015-16"]
[Site "Stockholm SWE"]
[Date "2015.12.27"]
[Round "1.5"]
[White "Goganov, Aleksey"]
[Black "Rothen, Hakan"]
[Result "1-0"]
[WhiteTitle "GM"]
[BlackTitle "FM"]
[WhiteElo "2597"]
[BlackElo "2297"]
[WhiteFideId "24109959"]
[BlackFideId "1700723"]
[EventDate "2015.12.27"]

1. d4 d5 2. c4 c5 3. cxd5 Qxd5 4. Nf3 cxd4 5. Nc3 Qa5 6. Nxd4 e5 7. Nb3 Qc7 8.
Nd5 Qd6 9. g3 Nc6 10. Bg2 Be6 11. Be3 Rd8 12. Nc3 Qxd1+ 13. Rxd1 Rxd1+ 14. Kxd1
Bxb3+ 15. axb3 Nf6 16. Kc2 Bb4 17. Bxc6+ bxc6 18. Ra1 a5 19. Bb6 O-O 20. Bxa5
Bc5 21. e3 Ra8 22. Ra4 Nd7 23. Ne4 Be7 24. Bc3 Rxa4 25. bxa4 f5 26. Nd2 Kf7 27.
e4 g6 28. f3 h5 29. h3 Ke6 30. b4 Bd6 31. a5 Bb8 32. Kd3 Ba7 33. Kc4 Bf2 34. g4
fxg4 35. fxg4 hxg4 36. hxg4 Nf6 37. g5 Ne8 38. Nf3 Nd6+ 39. Kd3 Bg3 40. a6 Nb5
41. Be1 Bf4 42. Bf2 Nc7 43. a7 Na8 44. Be3 Bg3 45. Nd2 Be1 46. Ke2 Bxd2 47. Kxd2
Kd6 48. Kd3 Kc7 49. Kc4 Kb7 50. Kc5 Nb6 51. a8=Q+ Nxa8 52. Kd6 Nc7 53. Kxe5 Nb5
54. Ke6 Kc8 55. e5 Nc7+ 56. Kd6 Nd5 57. Bd2 1-0

[Event "45th Rilton Cup 2015-16"]
[Site "Stockholm SWE"]
[Date "2015.12.27"]
[Round "1.6"]
[White "Goluch, Piotr"]
[Black "Donchenko, Alexander"]
[Result "0-1"]
[BlackTitle "GM"]
[WhiteElo "2297"]
[BlackElo "2588"]
[WhiteFideId "1137840"]
[BlackFideId "24603295"]
[EventDate "2015.12.27"]

1. Nf3 Nf6 2. g3 b5 3. Bg2 Bb7 4. O-O e6 5. d3 d6 6. e4 Be7 7. Re1 O-O 8. Nbd2
e5 9. a4 a6 10. d4 Nbd7 11. c3 c5 12. Qe2 cxd4 13. cxd4 bxa4 14. Rxa4 a5 15. Qb5
Qc7 16. Rc4 Qb8 17. Rc3 Rc8 18. Nc4 a4 19. Bd2 Bxe4 20. Qxb8 Rcxb8 21. dxe5 dxe5
22. Rce3 Nc5 23. Nfxe5 Bxg2 24. Kxg2 Nd5 25. R3e2 Bf8 26. Be3 Nxe3+ 27. Rxe3 Rb4
28. Rc1 g6 29. Rc2 Rc8 30. Nd2 Re8 31. Nc6 Rxe3 32. Nxb4 Re8 33. Kf1 Rb8 34. Rc4
h5 35. Nf3 Rb5 36. Ne5 Nb3 0-1

[Event "45th Rilton Cup 2015-16"]
[Site "Stockholm SWE"]
[Date "2015.12.27"]
[Round "1.7"]
[White "Socko, Bartosz"]
[Black "Henriksson, Johan"]
[Result "1-0"]
[WhiteTitle "GM"]
[BlackTitle "FM"]
[WhiteElo "2587"]
[BlackElo "2286"]
[WhiteFideId "1107038"]
[BlackFideId "1703560"]
[EventDate "2015.12.27"]

1. e4 c6 2. d4 d5 3. exd5 cxd5 4. Bd3 Nc6 5. c3 Nf6 6. h3 g6 7. Nf3 Bg7 8. O-O
O-O 9. Bf4 Bf5 10. Bxf5 gxf5 11. Ne1 e6 12. Nd3 Ne7 13. Nd2 Ng6 14. Bh2 Rc8 15.
a4 Ne4 16. f3 Nd6 17. Bxd6 Qxd6 18. f4 Kh8 19. Qh5 Qa6 20. Rf3 Rg8 21. Kh1 b5
22. Nc5 Qc6 23. Rf2 b4 24. Nf3 Nxf4 25. Ng5 Nxh5 26. Nxf7# 1-0

[Event "45th Rilton Cup 2015-16"]
[Site "Stockholm SWE"]
[Date "2015.12.27"]
[Round "1.9"]
[White "Ivanov, Sergey"]
[Black "Rodshtein, Tereza"]
[Result "1/2-1/2"]
[WhiteTitle "GM"]
[BlackTitle "WGM"]
[WhiteElo "2556"]
[BlackElo "2278"]
[WhiteFideId "4101375"]
[BlackFideId "325449"]
[EventDate "2015.12.27"]

1. d4 d5 2. c4 c6 3. Nc3 Nf6 4. e3 Bf5 5. cxd5 cxd5 6. Qb3 Qd7 7. Nf3 e6 8. Bb5
Nc6 9. Ne5 Qc7 10. Qa4 Rc8 11. Qxa7 Bd6 12. Nxc6 bxc6 13. Qxc7 Rxc7 14. Be2 Ke7
15. O-O Ra8 16. b3 Nd7 17. Bb2 Ba3 18. Bxa3+ Rxa3 19. g4 Bg6 20. Rac1 Rca7 21.
h4 h6 22. Rfd1 Kd6 23. Kg2 Ra8 24. Kg3 f6 25. f3 e5 26. e4 dxe4 27. dxe5+ Ke7
28. exf6+ Nxf6 29. h5 Bh7 30. fxe4 Nxe4+ 31. Nxe4 Bxe4 32. Bc4 Bd5 33. Bxd5 cxd5
34. Rxd5 Rxa2 35. Rc7+ Ke6 36. Rd3 R8a7 37. Rdd7 Rxc7 38. Rxc7 Kf6 39. Rc6+ Kf7
40. b4 Rb2 41. Rc4 Rb3+ 42. Kf4 Ke6 43. Rc6+ Ke7 44. Rb6 Kf7 45. b5 Rb1 46. Ke5
Re1+ 47. Kd4 Rd1+ 48. Ke3 Rb1 49. Rb7+ Kf6 50. b6 Rb4 51. Kf3 g6 52. hxg6 Kxg6
53. Rb8 Kg7 54. Ke3 Rxg4 55. Kd3 Rb4 56. Kc3 Rb1 57. Kc4 h5 58. Kc5 h4 59. Rd8
h3 60. Rd2 Kg6 61. Rh2 Rb3 62. Kc6 Kg5 63. b7 Kg4 64. Kc7 Kg3 65. Rh1 Kg2 66.
Rc1 h2 67. b8=Q Rxb8 68. Kxb8 h1=Q 69. Rxh1 Kxh1 1/2-1/2

[Event "45th Rilton Cup 2015-16"]
[Site "Stockholm SWE"]
[Date "2015.12.27"]
[Round "1.10"]
[White "Rydstrom, Tom"]
[Black "Tari, Aryan"]
[Result "1/2-1/2"]
[WhiteTitle "FM"]
[BlackTitle "IM"]
[WhiteElo "2266"]
[BlackElo "2556"]
[WhiteFideId "1714830"]
[BlackFideId "1510045"]
[EventDate "2015.12.27"]

1. e4 c6 2. Nf3 d5 3. Nc3 Nf6 4. exd5 cxd5 5. d4 Nc6 6. Bg5 Bg4 7. Be2 e6 8. Ne5
Bxe2 9. Nxe2 Qa5+ 10. c3 Nxe5 11. dxe5 Nd7 12. Bf4 Be7 13. O-O O-O 14. Nd4 Qb6
15. Qe2 Rfc8 16. Bg3 Nc5 17. f3 Qa6 18. Rfd1 Qxe2 19. Nxe2 Na4 20. Rab1 b5 21.
Bf2 a5 22. a3 h6 23. Bd4 b4 24. axb4 axb4 25. Kf2 Rab8 26. Ke3 Rb5 27. Rdc1 Rcb8
28. c4 dxc4 29. Rxc4 Nb6 30. Rc6 Nd5+ 31. Ke4 Rd8 32. Rbc1 Rd7 33. Rc8+ Kh7 34.
Ra1 b3 35. g3 Rb4 36. Rac1 Ra4 37. R1c4 Ra1 38. Rc1 Ra2 39. Rb8 Nb4 1/2-1/2

[Event "45th Rilton Cup 2015-16"]
[Site "Stockholm SWE"]
[Date "2015.12.27"]
[Round "1.11"]
[White "Cramling, Pia"]
[Black "Zeier, Klaus"]
[Result "1-0"]
[WhiteTitle "GM"]
[WhiteElo "2523"]
[BlackElo "2262"]
[WhiteFideId "1700030"]
[BlackFideId "4696050"]
[EventDate "2015.12.27"]

1. Nf3 Nf6 2. c4 e6 3. g3 d5 4. Bg2 Be7 5. O-O O-O 6. b3 b6 7. Bb2 Bb7 8. d3 c5
9. e3 Nc6 10. Nc3 dxc4 11. bxc4 Rc8 12. Qe2 Qc7 13. Ne1 Ne8 14. f4 f5 15. h3 Bf6
16. g4 g6 17. Nf3 Nd6 18. g5 Bg7 19. h4 Ne7 20. Rf2 a6 21. h5 gxh5 22. Nh4 Ng6
23. Qxh5 Nxh4 24. Qxh4 Bxg2 25. Rxg2 Qf7 26. g6 hxg6 27. Kf2 Ne8 28. Rag1 Qd7
29. Rxg6 Rf7 30. Ne2 Qxd3 31. Rh6 Rd7 32. Rh8+ Kf7 33. Rxg7+ Nxg7 34. Qf6# 1-0

[Event "45th Rilton Cup 2015-16"]
[Site "Stockholm SWE"]
[Date "2015.12.27"]
[Round "1.12"]
[White "Percivaldi, Martin"]
[Black "Hillarp Persson, Tiger"]
[Result "0-1"]
[WhiteTitle "FM"]
[BlackTitle "GM"]
[WhiteElo "2260"]
[BlackElo "2521"]
[WhiteFideId "1508148"]
[BlackFideId "1700812"]
[EventDate "2015.12.27"]

1. d4 g6 2. c4 Bg7 3. Nf3 d6 4. g3 Nd7 5. Bg2 e5 6. O-O Ne7 7. Nc3 O-O 8. e4
exd4 9. Nxd4 Nc6 10. Be3 Nde5 11. Qe2 Bg4 12. f3 Nxd4 13. Bxd4 Nxf3+ 14. Bxf3
Bxd4+ 15. Kg2 Be6 16. Nd5 c6 17. Nf4 Qe7 18. Rad1 Be5 19. Nxe6 Qxe6 20. b3 a6
21. Qe3 Qe7 22. Qd3 h5 23. h4 b5 24. Rh1 bxc4 25. bxc4 Rfb8 26. Rb1 Qa7 27. g4
hxg4 28. Bxg4 Qe7 29. Rb3 a5 30. Qe3 a4 31. Rxb8+ Rxb8 32. Be2 Rb2 33. h5 Qe6
34. hxg6 Qxg6+ 35. Kf2 Qf6+ 36. Kg2 Qg7+ 0-1

[Event "45th Rilton Cup 2015-16"]
[Site "Stockholm SWE"]
[Date "2015.12.27"]
[Round "1.13"]
[White "Tikkanen, Hans"]
[Black "Low, Zhen Yu Cyrus"]
[Result "1-0"]
[WhiteTitle "GM"]
[BlackTitle "FM"]
[WhiteElo "2515"]
[BlackElo "2256"]
[WhiteFideId "1706446"]
[BlackFideId "5804175"]
[EventDate "2015.12.27"]

1. e4 c5 2. Nf3 Nc6 3. Bb5 g6 4. Bxc6 bxc6 5. O-O Bg7 6. h3 Rb8 7. e5 f6 8. Qe2
fxe5 9. Nxe5 Nh6 10. d4 cxd4 11. Bxh6 Bxh6 12. Nxg6 hxg6 13. Qe5 O-O 14. Qxb8
Qa5 15. Qg3 Kg7 16. Na3 Bf4 17. Qd3 Ba6 18. Qxd4+ Be5 19. Qxa7 Bb8 20. Qe3 Qc7
21. g3 Ba7 22. Qc3+ Kh7 23. Kg2 Qd6 24. Rad1 Qe6 25. Qd2 Qf6 26. Qf4 Bxf1+ 27.
Rxf1 Qxf4 28. gxf4 Rxf4 29. Nb1 Rc4 30. c3 Re4 31. Rd1 d6 32. Kf1 Rh4 33. Rd3
Rf4 34. Rd2 Rf5 35. Na3 Rh5 36. Re2 e5 37. Nc4 Bb8 38. Rd2 Rxh3 39. Nxd6 Rh1+
40. Ke2 Ra1 41. a3 Bxd6 42. Rxd6 Ra2 43. Rd2 Kg7 44. Kd3 Ra1 45. Kc4 Kf6 46. Kc5
Kf5 47. Kxc6 e4 48. c4 Rc1 49. c5 Kf4 50. b4 1-0

[Event "45th Rilton Cup 2015-16"]
[Site "Stockholm SWE"]
[Date "2015.12.27"]
[Round "1.14"]
[White "Johansson, Gunnar"]
[Black "Meskovs, Nikita"]
[Result "0-1"]
[BlackTitle "IM"]
[WhiteElo "2215"]
[BlackElo "2511"]
[WhiteFideId "1703501"]
[BlackFideId "11602740"]
[EventDate "2015.12.27"]

1. d4 Nf6 2. c4 c5 3. d5 e6 4. Nc3 exd5 5. cxd5 d6 6. e4 a6 7. a4 g6 8. h3 Bg7
9. Nf3 O-O 10. Bd3 Nbd7 11. O-O Re8 12. Re1 Rb8 13. Bf4 Qc7 14. Rc1 Nh5 15. Be3
Ne5 16. Be2 Nxf3+ 17. Bxf3 Nf6 18. Bf4 Nd7 19. Be2 Ne5 20. Bf1 Qd8 21. Qd2 Bd7
22. Bg5 f6 23. Bf4 b5 24. axb5 axb5 25. b3 Qa5 26. Ra1 Qb6 27. Rab1 b4 28. Nd1
f5 29. exf5 Bxf5 30. Rc1 Nf7 31. Rxe8+ Rxe8 32. Ne3 Bc3 33. Qa2 Be4 34. Rd1 Qd8
35. Bd3 Qf6 36. Bg3 h5 37. Bxe4 Rxe4 38. Qc2 Re8 39. Qd3 Kg7 40. Qc2 Ng5 41. Bh2
Ne4 42. Rd3 Bd4 43. Kf1 Bxe3 44. Rxe3 Ng3+ 0-1

[Event "45th Rilton Cup 2015-16"]
[Site "Stockholm SWE"]
[Date "2015.12.27"]
[Round "1.15"]
[White "Poetsch, Hagen"]
[Black "Haug, Johannes"]
[Result "1/2-1/2"]
[WhiteTitle "IM"]
[BlackTitle "FM"]
[WhiteElo "2509"]
[BlackElo "2247"]
[WhiteFideId "24615137"]
[BlackFideId "1509268"]
[EventDate "2015.12.27"]

1. e4 e6 2. d4 d5 3. Nc3 Bb4 4. a3 Bxc3+ 5. bxc3 dxe4 6. Qg4 Nf6 7. Qxg7 Rg8 8.
Qh6 c5 9. Ne2 cxd4 10. cxd4 Nc6 11. Bb2 Bd7 12. O-O-O Ng4 13. Qf4 Qg5 14. Re1
Nxf2 15. Qxg5 Rxg5 16. Rg1 Ne7 17. Nc3 Bc6 18. g3 f5 19. Bc4 Rg6 20. Ne2 Nh3 21.
Rgf1 Rc8 22. Nc3 a6 23. g4 fxg4 24. Bb3 Ng5 25. Re2 h5 26. Kb1 Nf3 27. Rd1 Kf7
28. d5 exd5 29. Nxd5 Bxd5 30. Bxd5+ Nxd5 31. Rxd5 Re6 32. Rxh5 Kg6 33. Rd5 e3
34. Rd7 Ng1 35. Rg2 e2 36. Rxg4+ Kf5 37. Rxg1 e1=Q+ 38. Rxe1 Rxe1+ 39. Bc1 b5
40. h4 Rc6 41. Kb2 Rh1 42. Rd4 Ke5 43. Rb4 Rc4 44. Bg5 Rh2 45. Rxc4 bxc4 46. Kc3
Kd5 47. a4 a5 48. Bd8 Kc5 49. Be7+ Kd5 50. Bd8 Kc5 51. Be7+ Kd5 1/2-1/2

[Event "45th Rilton Cup 2015-16"]
[Site "Stockholm SWE"]
[Date "2015.12.27"]
[Round "1.16"]
[White "Brinck-Claussen, Bjorn"]
[Black "Westerberg, Jonathan"]
[Result "0-1"]
[WhiteTitle "IM"]
[BlackTitle "IM"]
[WhiteElo "2244"]
[BlackElo "2497"]
[WhiteFideId "1400134"]
[BlackFideId "1701754"]
[EventDate "2015.12.27"]

1. d4 d5 2. c4 dxc4 3. Nf3 Nf6 4. e3 b5 5. a4 b4 6. Bxc4 e6 7. Nbd2 Bb7 8. O-O
Be7 9. Qc2 O-O 10. a5 a6 11. b3 Nbd7 12. Bb2 c5 13. Ng5 cxd4 14. Bxd4 h6 15.
Nge4 Rc8 16. Qd3 Rc6 17. Nxf6+ Nxf6 18. Nf3 Rd6 19. Qe2 Ne4 20. Be5 Nc3 21. Qb2
Rd7 22. Bxc3 bxc3 23. Qe2 Qa8 24. Ne5 Rd2 25. Qg4 Bf6 26. Nd3 c2 27. Ra4 Rd8 28.
Nc1 Bb2 29. Be2 R8d5 30. e4 Rd7 31. Ra2 Bf6 32. b4 Bxe4 33. Nb3 Bf5 34. Qc4 Rd1
35. Rxc2 Bxc2 36. Qxc2 R1d6 37. Nc5 Rc7 38. Qa4 Bd4 39. Bf3 Qc8 40. Ne4 Rd5 0-1

[Event "45th Rilton Cup 2015-16"]
[Site "Stockholm SWE"]
[Date "2015.12.27"]
[Round "1.17"]
[White "Blomqvist, Erik"]
[Black "Ertan, Can"]
[Result "1-0"]
[WhiteTitle "GM"]
[BlackTitle "FM"]
[WhiteElo "2493"]
[BlackElo "2241"]
[WhiteFideId "1709437"]
[BlackFideId "6306330"]
[EventDate "2015.12.27"]

1. e4 e5 2. Nf3 Nc6 3. Bb5 a6 4. Ba4 Nf6 5. O-O Be7 6. d3 b5 7. Bb3 O-O 8. Nc3
d6 9. a3 Bg4 10. Be3 Nd4 11. Bxd4 exd4 12. Nd5 c6 13. h3 Bh5 14. Nxf6+ Bxf6 15.
g4 Bg6 16. Nd2 c5 17. Bd5 Rc8 18. f4 h6 19. Qe2 Re8 20. Nf3 c4 21. Qf2 Rc5 22.
Rad1 Qb6 23. Rfe1 Rec8 24. Re2 Qa7 25. dxc4 bxc4 26. Nxd4 c3 27. b4 R5c7 28. Nb3
Qb8 29. h4 Bd8 30. Qg3 Kh8 31. f5 Bh7 32. g5 Rd7 33. Kh1 Bb6 34. Rg2 Rcc7 35.
Rd3 f6 36. Rxc3 fxg5 37. hxg5 hxg5 38. Rh2 Rxc3 39. Rxh7+ 1-0

[Event "45th Rilton Cup 2015-16"]
[Site "Stockholm SWE"]
[Date "2015.12.27"]
[Round "1.18"]
[White "Lundin, Jan"]
[Black "Miezis, Normunds"]
[Result "1-0"]
[WhiteTitle "FM"]
[BlackTitle "GM"]
[WhiteElo "2230"]
[BlackElo "2493"]
[WhiteFideId "1706896"]
[BlackFideId "11600136"]
[EventDate "2015.12.27"]

1. e4 c5 2. Nc3 e6 3. Nf3 a6 4. g3 Nc6 5. Bg2 g5 6. h3 Bg7 7. d3 h6 8. Be3 Nd4
9. O-O d6 10. Rb1 Ne7 11. Ne1 O-O 12. Ne2 f5 13. f4 gxf4 14. Nxf4 fxe4 15. dxe4
d5 16. c3 dxe4 17. Bxe4 e5 18. cxd4 exf4 19. Rxf4 Nf5 20. Qb3+ Kh8 21. Bxf5 Bxf5
22. Rd1 Bxh3 23. Rh4 c4 24. Qxc4 Bf1 25. Qe6 Rf6 26. Qe4 Bb5 27. Bf4 Qd7 28. Nf3
Re8 29. Ne5 Qe6 30. b3 Kg8 31. Qxb7 Qf5 32. Qd5+ Kh7 33. a4 Bc6 34. Qc4 Ba8 35.
Qe2 Bd5 36. Rh5 Qe6 37. Qd3+ Kg8 38. Re1 Qc8 39. Rc1 Qe6 40. Re1 Qb6 41. Re3 Rd8
42. Nc4 Qa7 43. Be5 Rf7 44. Bxg7 Kxg7 45. Ne5 Rf6 46. Rh4 Rc8 47. Rg4+ Kf8 48.
Qd2 a5 49. Ng6+ Kf7 50. Re7+ Qxe7 51. Nxe7 Kxe7 52. Rf4 Rg6 53. Qe1+ Kd7 54. Rf5
Bxb3 55. Rxa5 Re6 56. Ra7+ Ke8 57. Qf1 Rb6 58. Qe2+ Be6 59. d5 Rc1+ 60. Kh2 Rcb1
61. Qh5+ Kd8 62. Qh4+ Kc8 63. Qc4+ 1-0

[Event "45th Rilton Cup 2015-16"]
[Site "Stockholm SWE"]
[Date "2015.12.27"]
[Round "1.19"]
[White "Andersen, Mads"]
[Black "Krantz, Christopher"]
[Result "1-0"]
[WhiteTitle "IM"]
[WhiteElo "2474"]
[BlackElo "2230"]
[WhiteFideId "1413864"]
[BlackFideId "1707876"]
[EventDate "2015.12.27"]

1. d4 d5 2. c4 e6 3. Nf3 Nf6 4. Nc3 Bb4 5. cxd5 exd5 6. Bg5 Nbd7 7. e3 h6 8. Bh4
g5 9. Bg3 Ne4 10. Qc2 Nxg3 11. hxg3 c6 12. Bd3 Qe7 13. O-O-O Nb6 14. Ne5 Be6 15.
f4 O-O-O 16. f5 Bd7 17. f6 Qe8 18. Nxd7 Kxd7 19. e4 Bxc3 20. Qxc3 dxe4 21. Rhe1
Nd5 22. Qb3 Kc8 23. Bxe4 Qd7 24. Qf3 g4 25. Qf2 Kb8 26. Kb1 Rhe8 27. Bxd5 cxd5
28. Qf4+ Ka8 29. a3 a6 30. Qxh6 Qf5+ 31. Ka2 Rxe1 32. Rxe1 Qf2 33. Qe3 Qxf6 34.
Qe7 Qb6 35. Rc1 Ka7 36. Rc5 f6 37. Qe2 Qd6 38. Qxg4 Re8 39. Qf4 Qxf4 40. gxf4
Re4 41. Rxd5 Rxf4 42. Kb3 Kb6 43. Kc4 Kc6 44. Rd8 Rf2 45. Rf8 b5+ 46. Kc3 a5 47.
Rc8+ Kd6 48. Rb8 Kc6 49. d5+ Kc5 50. d6 b4+ 51. axb4+ axb4+ 52. Rxb4 Kxd6 53.
Rd4+ Kc5 54. Rd2 Rf4 55. Kd3 Rg4 56. Ke3 Rg3+ 57. Kf4 Rg5 58. g4 Rg6 59. Rg2 Rg5
60. Rh2 Kd6 61. Rh5 Rg8 62. Kf5 Ke7 63. Rh7+ Ke8 64. Rb7 Rg5+ 65. Ke6 Kd8 66.
Rb4 Rg6 67. Kf7 Rh6 68. Rd4+ 1-0

[Event "45th Rilton Cup 2015-16"]
[Site "Stockholm SWE"]
[Date "2015.12.27"]
[Round "1.20"]
[White "Hammar, Bengt"]
[Black "Zumsande, Martin"]
[Result "0-1"]
[WhiteTitle "FM"]
[BlackTitle "IM"]
[WhiteElo "2210"]
[BlackElo "2442"]
[WhiteFideId "1700391"]
[BlackFideId "4651324"]
[EventDate "2015.12.27"]

1. e4 e6 2. d4 d5 3. Nc3 Nf6 4. Bg5 Bb4 5. e5 h6 6. Bd2 Bxc3 7. bxc3 Ne4 8. Qg4
g6 9. Bd3 Nxd2 10. Kxd2 c5 11. Nf3 Nc6 12. Qf4 cxd4 13. cxd4 Qa5+ 14. Ke2 b6 15.
Qf6 Rf8 16. h4 Ba6 17. Qf4 Nb4 18. Rhc1 Rc8 19. Ne1 Nxa2 20. Kf1 Rc3 21. Qd2
Rxd3 22. Qxa5 bxa5 23. cxd3 Nxc1 24. Rxc1 Kd7 25. Ra1 Bb5 26. Rxa5 a6 27. Ke2
Kc6 28. Ra1 Kb6 29. Nc2 a5 30. Rb1 Ka6 31. Na3 Bc6 32. Rc1 Kb6 33. Rb1+ Kc7 34.
g3 Rh8 35. Kd2 g5 36. Rh1 gxh4 37. Rxh4 Rb8 38. Rxh6 Rb2+ 39. Kc3 Rxf2 40. Rh4
Rg2 41. Rf4 Be8 42. Rf3 Kd8 43. Kb3 Ke7 44. Nb1 Kf8 45. Nc3 Kg7 46. Nd1 a4+ 47.
Ka3 Rc2 48. Rf2 Rc1 49. Rd2 Rb1 50. Ka2 Rb4 51. Ne3 Rxd4 52. Ka3 Bb5 53. Nc2
Rxd3+ 54. Rxd3 Bxd3 55. Nd4 Kg6 56. Kxa4 Kg5 57. Kb4 Kg4 0-1

[Event "45th Rilton Cup 2015-16"]
[Site "Stockholm SWE"]
[Date "2015.12.27"]
[Round "1.21"]
[White "Salomon, Johan"]
[Black "Schitco, Ivan"]
[Result "1-0"]
[WhiteTitle "IM"]
[WhiteElo "2438"]
[BlackElo "2210"]
[WhiteFideId "1509500"]
[BlackFideId "13905465"]
[EventDate "2015.12.27"]

1. Nf3 d5 2. d4 Nf6 3. c4 dxc4 4. e3 e6 5. Bxc4 a6 6. a4 b6 7. O-O Bb7 8. Qe2 c5
9. Rd1 Nbd7 10. Nc3 cxd4 11. exd4 Bd6 12. d5 e5 13. Nd4 Qc7 14. Nf5 O-O 15. Nxd6
Qxd6 16. b3 Rfc8 17. Ba3 Nc5 18. Re1 e4 19. Bxc5 Rxc5 20. Nxe4 Nxe4 21. Qxe4 g6
22. b4 Rc7 23. Bb3 Rd8 24. Qd4 Rdc8 25. Rad1 a5 26. bxa5 bxa5 27. h4 h5 28. Re3
Rc5 29. Rde1 Rc1 30. Re8+ Rxe8 31. Rxc1 Re5 32. Rd1 Re7 33. Bc4 Kh7 34. Rb1 Bc8
35. Bd3 Re5 36. Bc4 Bf5 37. Rc1 Re4 38. Qa7 Rxh4 39. g3 Qa3 40. Qe3 Qxe3 41.
fxe3 Re4 42. Bb5 Rxe3 43. Kf2 Rb3 44. d6 Rb2+ 45. Ke3 Rb3+ 46. Kf4 Rb4+ 47. Ke5
Re4+ 48. Kd5 Re3 49. Rg1 Kh6 50. d7 Bxd7 51. Bxd7 Rd3+ 52. Kc6 Rd4 53. Kc7 Kg5
54. Bb5 f5 55. Kb6 Kg4 56. Kxa5 1-0

[Event "45th Rilton Cup 2015-16"]
[Site "Stockholm SWE"]
[Date "2015.12.27"]
[Round "1.22"]
[White "Eriksson, Jorgen"]
[Black "Socko, Monika"]
[Result "1/2-1/2"]
[BlackTitle "GM"]
[WhiteElo "2206"]
[BlackElo "2437"]
[WhiteFideId "1701967"]
[BlackFideId "1106619"]
[EventDate "2015.12.27"]

1. d4 Nf6 2. Bg5 e6 3. Nd2 h6 4. Bh4 d5 5. e3 c5 6. c3 Nc6 7. Ngf3 Be7 8. Bd3
cxd4 9. exd4 Nh5 10. Bg3 Nxg3 11. hxg3 Bd7 12. Qe2 Qc7 13. O-O O-O 14. Rfe1 a6
15. Rac1 Rac8 16. Bb1 f5 17. c4 Bf6 18. Nb3 Rfe8 19. cxd5 exd5 20. Qd2 Rxe1+ 21.
Rxe1 b6 22. Ne5 Re8 23. f4 a5 24. Qc3 Qd6 25. Rc1 a4 26. Nd2 Bxe5 27. dxe5 Qg6
28. Qd3 Rd8 29. Nf3 Ne7 30. Kf2 b5 31. Qd4 Qe6 32. a3 Rc8 33. Rxc8+ Bxc8 34. Qc5
Kf7 35. Nd4 Qa6 36. Nxb5 Bd7 37. Nd4 Qb7 38. Qb4 Qa7 39. Ke2 Nc6 40. Nxc6 Qa6+
41. Bd3 Qxc6 42. Kd2 g6 43. Qd6 Qxd6 44. exd6 Ke6 45. Kc3 Kxd6 46. Kd4 Be8 47.
Bc2 Bb5 48. b3 Bf1 49. bxa4 Bxg2 50. a5 Be4 51. Bd1 g5 52. a6 Kc6 53. Bb3 gxf4
54. gxf4 h5 55. Ba4+ Kb6 56. Bb5 Bg2 57. Bd3 h4 58. Bxf5 Kxa6 59. Bg4 h3 60.
Bxh3 1/2-1/2

[Event "45th Rilton Cup 2015-16"]
[Site "Stockholm SWE"]
[Date "2015.12.27"]
[Round "1.23"]
[White "Semcesen, Daniel"]
[Black "Kosmo, Santul"]
[Result "1-0"]
[WhiteTitle "GM"]
[WhiteElo "2431"]
[BlackElo "2202"]
[WhiteFideId "1706993"]
[BlackFideId "504173"]
[EventDate "2015.12.27"]

1. d4 Nf6 2. c4 c5 3. d5 e6 4. Nc3 exd5 5. cxd5 d6 6. e4 g6 7. Nge2 Bg7 8. Ng3
O-O 9. Be2 Re8 10. O-O Na6 11. Bg5 h6 12. Be3 Nc7 13. a4 a6 14. Qd2 Kh7 15. h3
Rb8 16. f4 b5 17. Bf3 bxa4 18. Rxa4 Nb5 19. Nce2 Nd7 20. Rc1 Nd4 21. Rxd4 cxd4
22. Nxd4 Qh4 23. Bf2 Bxd4 24. Bxd4 Qxg3 25. Bf2 Rxb2 26. Qxb2 Qxf4 27. Bg4 Nc5
28. Bxc5 dxc5 29. Bxc8 Rxc8 30. Rf1 Qc7 31. Qf6 a5 32. d6 Qd7 33. Qxf7+ Qxf7 34.
Rxf7+ Kg8 35. Rc7 Rd8 36. e5 Kf8 37. Rh7 Ke8 38. Rh8+ Kd7 39. e6+ Kxd6 40. Rxd8+
Kxe6 41. Kf2 a4 42. Ke3 1-0